000 00519nam a2200193 a 4500
001 1774864617439
003 YourLibrary
005 20260330153038.0
008 260330s2009##################000#0#eng##
020 _a9780309120463
082 0 4 _a361.1
_bNAT
100 1 _aCouncil, National Research,
_eauthor.
245 1 0 _aScience and Decisions :
260 _bNational Academies Press,
_c2009.
300 _a422 pages
650 0 _aPolitical Science.
942 _cENGLISH
040 _aYourLibrary
_beng
_cYourLibrary
999 _c618345
_d618345